[Event "Aachen 2- Euskirchen"]
[Site "?"]
[Date "2022.10.02"]
[Round "2.2"]
[White "Huesmann, Thomas"]
[Black "Neubauer, Juergen"]
[Result "1-0"]
[WhiteElo "2149"]
[BlackElo "2054"]
[PlyCount "185"]
[SourceVersionDate "2023.06.22"]

1. e4 d6 2. d4 Nd7 3. Nf3 g6 4. c4 Bg7 5. Nc3 e5 6. Be2 Ne7 7. O-O O-O 8. d5 a5
9. Ne1 Nc5 10. Be3 b6 11. a3 f5 12. f3 Bd7 13. Nd3 Nxd3 14. Bxd3 f4 15. Bf2 g5
16. b4 axb4 17. axb4 g4 18. Be2 gxf3 19. Bxf3 Ng6 20. c5 bxc5 21. bxc5 Rxa1 22.
Qxa1 Nh4 23. Bxh4 Qxh4 24. c6 Bg4 25. Nb5 Bxf3 26. Rxf3 Rf7 27. Qa5 Qd8 28. Ra3
Bf8 29. Qe1 Qg5 30. Qd2 Qd8 31. Rh3 Qa8 32. Ra3 Qd8 33. Qe2 Qg5 34. Qf3 Rg7 35.
Nc3 Qd8 36. Nb1 Qb8 37. Qb3 Qd8 38. Nd2 Qg5 39. Qh3 Qd8 40. Ra7 Kh8 41. Rb7 Qa8
42. Qc3 Qa4 43. Rb1 Qa7+ 44. Kf1 Qa6+ 45. Qc4 Qa5 46. Nf3 Rg8 47. Qb4 Qa2 48.
Rb2 Qa1+ 49. Ne1 Be7 50. Rb1 Qa6+ 51. Qb5 Qa3 52. Rb3 Qc1 53. Rb1 Qe3 54. Qe2
Qc3 55. Qd3 Qa5 56. Rb5 Qa1 57. Rb1 Qa5 58. Rb3 Qa1 59. Ra3 Qb2 60. Qb3 Qd4 61.
Ra4 Qc5 62. Qb4 Qc1 63. Qa3 Qd1 64. Qa1 Qb3 65. Qa2 Qb6 66. Ra3 Rb8 67. Rh3 Qd4
68. Qe2 Rb2 69. Qf3 Ra2 70. Rh5 Qd2 71. g3 Ra1 72. Qe2 Qc3 73. Kf2 Rb1 74. Nd3
Rb3 75. gxf4 Qxd3 76. Qxd3 Rxd3 77. fxe5 dxe5 78. Rxe5 Bc5+ 79. Ke2 Rh3 80.
Re8+ Kg7 81. e5 Rxh2+ 82. Kd3 Rh4 83. d6 Rd4+ 84. Kc3 Rxd6 85. Re7+ Kg8 86.
exd6 Bxd6 87. Rd7 Bf4 88. Kd4 h5 89. Ke4 Bg3 90. Kf5 h4 91. Kf6 Bf4 92. Rg7+
Kh8 93. Kg6 1-0

[Event "Aachen 2- Euskirchen"]
[Site "?"]
[Date "2022.10.02"]
[Round "2.4"]
[White "Van Lishout, Francois"]
[Black "Scholzen, Wolfgang"]
[Result "1/2-1/2"]
[WhiteElo "2028"]
[BlackElo "2021"]
[PlyCount "61"]
[SourceVersionDate "2023.06.22"]

1. e4 e6 2. d4 d5 3. e5 c5 4. c3 Nc6 5. Nf3 Qb6 6. a3 cxd4 7. cxd4 Nh6 8. b4
Nf5 9. Bb2 Be7 10. Bd3 Bd7 11. Bxf5 exf5 12. Nc3 Be6 13. O-O g5 14. Na4 Qd8 15.
Nc5 g4 16. Nd2 Bxc5 17. dxc5 f4 18. b5 Ne7 19. Qa4 Ng6 20. Rfd1 Qg5 21. f3 Nh4
22. g3 fxg3 23. hxg3 Qe3+ 24. Kh1 Nxf3 25. Qf4 Qf2 26. Nxf3 Qxf3+ 27. Qxf3 gxf3
28. Kg1 O-O-O 29. Kf2 Rhg8 30. Rd4 Rg4 31. Kxf3 1/2-1/2

[Event "Aachen 2- Euskirchen"]
[Site "?"]
[Date "2022.10.02"]
[Round "2.5"]
[White "Reckers, Sebastian"]
[Black "Weinkauf, Viktor"]
[Result "0-1"]
[WhiteElo "2003"]
[BlackElo "1997"]
[PlyCount "64"]
[SourceVersionDate "2023.06.22"]

1. e4 c5 2. Nf3 a6 3. d4 cxd4 4. Nxd4 Nf6 5. Nc3 e5 6. Nf3 Bb4 7. Bd2 O-O 8.
Bd3 d5 9. Nxe5 dxe4 10. Be2 Qd4 11. Nc4 b5 12. Ne3 Rd8 13. a3 Ba5 14. Nxe4 Qxe4
15. Bxa5 Rxd1+ 16. Rxd1 Nc6 17. Bf3 Qe6 18. O-O Bb7 19. Bc3 Re8 20. Rfe1 Qc8
21. Bxf6 gxf6 22. Bg4 Qb8 23. Bd7 Re7 24. Nd5 Rxe1+ 25. Rxe1 Qd6 26. Rd1 Nd4
27. Rxd4 Bxd5 28. Bg4 Qe5 29. Rd1 Be6 30. Bf3 Qxb2 31. h4 Qxc2 32. h5 h6 0-1

[Event "Aachen 2- Euskirchen"]
[Site "?"]
[Date "2022.10.02"]
[Round "2.7"]
[White "Lobe, Sandra"]
[Black "De Vries, Leonard"]
[Result "1/2-1/2"]
[WhiteElo "1792"]
[BlackElo "1893"]
[PlyCount "62"]
[SourceVersionDate "2023.06.22"]

1. e4 c5 2. Nf3 Nc6 3. d3 d6 4. g3 g6 5. Bg2 Bg7 6. O-O Nf6 7. Nbd2 O-O 8. Re1
e5 9. a4 Rb8 10. Nc4 b6 11. Bg5 h6 12. Bc1 a6 13. h4 Be6 14. c3 Qc7 15. Qe2 b5
16. axb5 axb5 17. Ne3 b4 18. c4 Ra8 19. Rxa8 Rxa8 20. Nd5 Qd8 21. Bd2 Bg4 22.
Be3 Nxd5 23. exd5 Ne7 24. Qd2 Bxf3 25. Bxf3 Nf5 26. Bd1 Nxe3 27. Rxe3 h5 28.
Re1 Qf6 29. Re4 Kh7 30. Kg2 Qd8 31. Bb3 Qd7 1/2-1/2

[Event "Aachen 2- Euskirchen"]
[Site "?"]
[Date "2022.10.02"]
[Round "2.8"]
[White "Rache, Ralf"]
[Black "Pfening, Richard"]
[Result "1-0"]
[WhiteElo "1948"]
[BlackElo "1536"]
[PlyCount "93"]
[SourceVersionDate "2023.06.22"]

1. e4 e5 2. f4 d5 3. exd5 Qxd5 4. Nc3 Qa5 5. fxe5 Qxe5+ 6. Qe2 Qxe2+ 7. Bxe2
Be6 8. Nf3 Bb4 9. O-O Nf6 10. Nb5 Ba5 11. Nbd4 Bb6 12. Kh1 Bg4 13. h3 Bxf3 14.
Nxf3 Ne4 15. Kh2 Nd7 16. d3 Nef6 17. Bf4 O-O-O 18. Rae1 h5 19. Ng5 Rhf8 20. Bf3
c6 21. Re7 Rde8 22. Rxe8+ Rxe8 23. Nxf7 Bc7 24. Bxc7 Kxc7 25. Kg3 Re7 26. Ng5
Ne5 27. Ne4 Nxf3 28. Nxf6 Nd4 29. Nxh5 Nxc2 30. a3 g6 31. Nf6 Re2 32. Rf2 Nd4
33. Rxe2 Nxe2+ 34. Kg4 Kd6 35. Kg5 Ke5 36. g4 Kd4 37. h4 Kxd3 38. h5 gxh5 39.
gxh5 Nd4 40. h6 Ne6+ 41. Kg6 Kc2 42. Nd7 Nf4+ 43. Kf5 Nd5 44. h7 Ne7+ 45. Kg5
Kxb2 46. h8=Q+ Kxa3 47. Qf8 1-0

[Event "Düsseldorf -Sued- Bochum 2"]
[Site "?"]
[Date "2022.10.02"]
[Round "2.1"]
[White "Kraemer, Matthias"]
[Black "Chittka, Julius"]
[Result "1-0"]
[WhiteElo "2225"]
[BlackElo "2339"]
[PlyCount "157"]
[SourceVersionDate "2023.06.22"]

1. e4 c5 2. Nf3 Nc6 3. d4 cxd4 4. Nxd4 Nf6 5. Nc3 e5 6. Ndb5 d6 7. Nd5 Nxd5 8.
exd5 Ne7 9. c4 Ng6 10. h4 h5 11. Bg5 Be7 12. c5 Bxg5 13. Nxd6+ Kf8 14. hxg5
Qa5+ 15. Qd2 Qxc5 16. Ne4 Qb6 17. a4 a5 18. Bb5 h4 19. Qe3 Qxe3+ 20. fxe3 Bg4
21. Rc1 Rd8 22. Nf2 Bd7 23. e4 Bxb5 24. axb5 Ke7 25. Ke2 Kd6 26. Kf3 Nf4 27.
Ng4 Rc8 28. Rxc8 Rxc8 29. Rxh4 Rc2 30. Ne3 Rc5 31. Rh7 Rxb5 32. Nc4+ Kc5 33.
Nxe5 Ng6 34. Nxg6 fxg6 35. Kf4 Rxb2 36. Ke5 a4 37. Rxg7 a3 38. Rc7+ Kb6 39. Rc3
a2 40. Ra3 Kc7 41. Ke6 Rb6+ 42. Ke7 Ra6 43. d6+ Kc6 44. Rxa6+ bxa6 45. d7 a1=Q
46. d8=Q a5 47. Qd6+ Kb7 48. e5 a4 49. Kd7 a3 50. e6 Qc3 51. Qd5+ Kb8 52. e7
Qc8+ 53. Kd6 Qa6+ 54. Ke5 Qe2+ 55. Kf6 a2 56. Qd8+ Kb7 57. Qd7+ Kb6 58. Qd4+
Kc7 59. Kf7 Qf1+ 60. Kxg6 Qb1+ 61. Kf7 a1=Q 62. Qxa1 Qxa1 63. e8=Q Qf1+ 64. Kg8
Qxg2 65. g6 Kb6 66. Qe6+ Ka5 67. g7 Ka4 68. Kf8 Qf2+ 69. Ke7 Qc5+ 70. Ke8 Qh5+
71. Kf8 Qc5+ 72. Kf7 Qc7+ 73. Kg6 Qg3+ 74. Kf7 Qc7+ 75. Kf8 Qc5+ 76. Ke8 Qh5+
77. Kd7 Qh7 78. Qg4+ Ka3 79. Ke7 1-0

[Event "Düsseldorf -Sued- Bochum 2"]
[Site "?"]
[Date "2022.10.02"]
[Round "2.2"]
[White "Gula, Julian"]
[Black "Wolter, Detlev"]
[Result "1/2-1/2"]
[WhiteElo "2131"]
[BlackElo "2179"]
[PlyCount "46"]
[SourceVersionDate "2023.06.22"]

1. Nf3 d6 2. d4 f5 3. c4 Nf6 4. Bg5 e6 5. Nc3 Be7 6. h4 Nbd7 7. Qd3 c5 8. e3 a6
9. Be2 Rb8 10. Rd1 Qa5 11. O-O g6 12. Bf4 h6 13. Bh2 O-O 14. Qc2 Qc7 15. Rfe1
b6 16. e4 cxd4 17. Nxd4 Ne5 18. exf5 gxf5 19. Qd2 Kh7 20. Bf4 Nf7 21. Bd3 Ne5
22. Be2 Nf7 23. Bd3 Ne5 1/2-1/2

[Event "Düsseldorf -Sued- Bochum 2"]
[Site "?"]
[Date "2022.10.02"]
[Round "2.3"]
[White "Goralski, Christian"]
[Black "Kontorovitch, Vladimir"]
[Result "1-0"]
[WhiteElo "2146"]
[BlackElo "2130"]
[PlyCount "81"]
[SourceVersionDate "2023.06.22"]

1. e4 e5 2. d4 exd4 3. Qxd4 Nc6 4. Qd3 Nf6 5. Nc3 d6 6. Bg5 h6 7. Bh4 Be7 8.
O-O-O O-O 9. f3 Be6 10. Kb1 a6 11. Bf2 Ne5 12. Qd2 c6 13. g4 b5 14. h4 Nfd7 15.
g5 h5 16. f4 Ng4 17. f5 Bc4 18. Bh3 Nde5 19. b3 b4 20. Na4 Bb5 21. Nb2 a5 22.
Bg3 a4 23. bxa4 Qa5 24. Bxg4 hxg4 25. Ne2 Bxa4 26. Nc1 Bb5 27. Bxe5 dxe5 28.
Qg2 Bc5 29. f6 Be3 30. fxg7 Rfe8 31. Qxg4 Bxc1 32. Qh5 Kxg7 33. Qh6+ Kg8 34.
Kxc1 Re6 35. g6 Rxg6 36. Rhg1 c5 37. Rxg6+ fxg6 38. Qxg6+ Kf8 39. Qf6+ Ke8 40.
Qe6+ Kf8 41. Rg1 1-0

[Event "Düsseldorf -Sued- Bochum 2"]
[Site "?"]
[Date "2022.10.02"]
[Round "2.4"]
[White "Tagsold, Christian"]
[Black "Hinkmann, Jens"]
[Result "1-0"]
[WhiteElo "2114"]
[BlackElo "2090"]
[PlyCount "65"]
[SourceVersionDate "2023.06.22"]

1. c4 g5 2. d4 Bg7 3. Bxg5 c5 4. Nf3 Nc6 5. d5 Bxb2 6. Nbd2 Bxa1 7. Qxa1 Nd4 8.
Nxd4 cxd4 9. Qxd4 f6 10. Bf4 d6 11. e4 b6 12. Be2 h5 13. h3 h4 14. O-O Nh6 15.
Be3 Nf7 16. f4 Bd7 17. Nf3 Qc7 18. Rc1 O-O-O 19. a4 Rdg8 20. Kh2 Rg3 21. Ng1
Rxe3 22. Qxe3 Bxa4 23. Nf3 Bd7 24. e5 fxe5 25. fxe5 dxe5 26. c5 e4+ 27. d6 Qb7
28. c6 Bxc6 29. Nd4 Nxd6 30. Nxc6 Kd7 31. Qg5 Qxc6 32. Bg4+ e6 33. Qg7+ 1-0

[Event "Düsseldorf -Sued- Bochum 2"]
[Site "?"]
[Date "2022.10.02"]
[Round "2.6"]
[White "Reinartz, Achim"]
[Black "Bautz, Volker"]
[Result "1/2-1/2"]
[WhiteElo "1949"]
[BlackElo "1665"]
[Annotator "daniel"]
[PlyCount "71"]
[SourceVersionDate "2023.06.22"]

1. d4 Nf6 2. Nf3 c5 3. c3 cxd4 4. cxd4 g6 5. Nc3 Bg7 6. g3 O-O 7. Bg2 d6 8. O-O
Nc6 9. Bg5 h6 10. Bd2 Bf5 11. Qb3 Qd7 12. Rfd1 Ne4 13. Nxe4 Bxe4 14. Bc3 e6 15.
Ne1 Bxg2 16. Kxg2 Ne7 $11 17. Rac1 Nd5 18. Nf3 Rfc8 19. Bd2 Rxc1 20. Rxc1 Rc8
21. Rxc8+ Qxc8 22. Qa3 Qb8 23. Qa4 Nb6 24. Qb5 Bf8 25. b3 Qd8 26. a4 a6 27. Qd3
Nd5 28. Qc4 f5 29. Qd3 Nf6 30. Bb4 Qb6 31. Ba3 Qc6 32. Kg1 Ne4 33. Bb2 Bg7 34.
h4 b5 35. axb5 axb5 36. Nd2 1/2-1/2

[Event "Dinslaken- Langenfeld 2"]
[Site "?"]
[Date "2022.10.02"]
[Round "2.1"]
[White "Keller, Karsten"]
[Black "Sielecki, Christof"]
[Result "0-1"]
[WhiteElo "2214"]
[BlackElo "2429"]
[PlyCount "66"]
[SourceVersionDate "2023.06.22"]

1. Nf3 Nf6 2. c4 g6 3. Nc3 Bg7 4. e4 d6 5. d4 O-O 6. Be2 e5 7. O-O Bg4 8. d5 a5
9. Be3 Na6 10. Nd2 Bd7 11. Rb1 h5 12. a3 Nc5 13. b4 axb4 14. axb4 Na4 15. Qb3
Nxc3 16. Qxc3 Ng4 17. Bxg4 hxg4 18. f3 gxf3 19. gxf3 f5 20. Kh1 Qh4 21. Ra1
Rxa1 22. Qxa1 Qh5 23. Rg1 fxe4 24. fxe4 Bg4 25. Rg3 Bd1 26. Qc3 Bf6 27. Rg2 Bh4
28. Kg1 Bg4 29. Qd3 Bh3 30. Re2 Qg4+ 31. Kh1 Rf1+ 32. Nxf1 Qf3+ 33. Kg1 Qxf1#
0-1

[Event "Dinslaken- Langenfeld 2"]
[Site "?"]
[Date "2022.10.02"]
[Round "2.2"]
[White "Sonnenschein, Philipp"]
[Black "Brochhagen, Thomas"]
[Result "1-0"]
[WhiteElo "2223"]
[BlackElo "1988"]
[PlyCount "101"]
[SourceVersionDate "2023.06.22"]

1. e4 e6 2. d4 d5 3. Nd2 dxe4 4. Nxe4 Bd7 5. Nf3 Bc6 6. Bd3 Nd7 7. O-O Ngf6 8.
Ng3 Be7 9. b3 O-O 10. Bb2 Bxf3 11. Qxf3 c6 12. Rfe1 Re8 13. Rad1 Qa5 14. a3 Bf8
15. Qf4 Rac8 16. c4 Qc7 17. Qxc7 Rxc7 18. Ne4 Nxe4 19. Bxe4 g6 20. f4 Bg7 21.
Bf3 Nc5 22. b4 Na4 23. Ba1 Nb6 24. c5 Nd5 25. Bxd5 cxd5 26. Kf2 b5 27. Bc3 Kf8
28. Ra1 Ke7 29. Ke3 Kd7 30. Kd3 h6 31. a4 Rb8 32. axb5 Rxb5 33. Ra6 Bf8 34.
Rea1 Rbb7 35. R1a5 Be7 36. b5 Kc8 37. c6 Rb8 38. Rxa7 Bd6 39. g3 Rxa7 40. Rxa7
Rxb5 41. Rxf7 Rb3 42. Kc2 Rb6 43. Rf6 Rxc6 44. Rxe6 Kd7 45. Rxg6 Rc8 46. Kd3
Rh8 47. Bd2 h5 48. h3 Be7 49. f5 Rf8 50. g4 hxg4 51. hxg4 1-0

[Event "Dinslaken- Langenfeld 2"]
[Site "?"]
[Date "2022.10.02"]
[Round "2.3"]
[White "Reuter, Michael"]
[Black "Welzel, Philipp"]
[Result "1/2-1/2"]
[WhiteElo "1972"]
[BlackElo "2185"]
[PlyCount "84"]
[SourceVersionDate "2023.06.22"]

1. d4 Nf6 2. Nf3 g6 3. Nc3 d5 4. Bf4 Bg7 5. e3 O-O 6. Be2 c5 7. O-O cxd4 8.
exd4 Nc6 9. Ne5 Qb6 10. Nxc6 bxc6 11. Na4 Qa5 12. c3 Nd7 13. b4 Qd8 14. Re1 e5
15. Be3 a5 16. b5 Bb7 17. Rb1 Rc8 18. Qd2 Qe7 19. Rec1 Rfe8 20. Bf1 Qa3 21. Qd1
cxb5 22. Bxb5 Bc6 23. Bxc6 Rxc6 24. Rb7 exd4 25. Rxd7 dxe3 26. fxe3 Bh6 27. Rb1
Bxe3+ 28. Kh1 Bf2 29. Qf3 Re7 30. Rxe7 Qxe7 31. Qxf2 Qe4 32. Rb7 Rf6 33. Qg1
Qxa4 34. h3 Qxa2 35. Qd4 Kg7 36. Rb5 a4 37. Rxd5 a3 38. Ra5 Qb1+ 39. Kh2 a2 40.
Ra6 Qb8+ 41. Kg1 Qb1+ 42. Kh2 Qb8+ 1/2-1/2

[Event "Dinslaken- Langenfeld 2"]
[Site "?"]
[Date "2022.10.02"]
[Round "2.4"]
[White "Ossig, Rainer"]
[Black "Schulte- Lentz, Christian"]
[Result "1-0"]
[WhiteElo "2183"]
[BlackElo "2099"]
[PlyCount "59"]
[SourceVersionDate "2023.06.22"]

1. Nf3 d5 2. g3 c5 3. Bg2 Nc6 4. d4 Nf6 5. O-O e6 6. c4 Be7 7. cxd5 exd5 8. a3
cxd4 9. Nxd4 O-O 10. Nc3 Re8 11. b4 Bg4 12. h3 Bh5 13. Be3 Qd7 14. Qb3 Rad8 15.
Rad1 h6 16. Ndb5 Ne5 17. Nxa7 Bd6 18. Bb6 Ra8 19. g4 Bb8 20. Nab5 Nc4 21. Bd4
Bxg4 22. Bxf6 Bxe2 23. Nxe2 Qxb5 24. Rxd5 Rxa3 25. Rxb5 Rxb3 26. Nc1 Rb1 27.
Bc3 g6 28. Bd5 Rc8 29. Ne2 Rb3 30. Rc1 1-0

[Event "Dinslaken- Langenfeld 2"]
[Site "?"]
[Date "2022.10.02"]
[Round "2.5"]
[White "Hess, Christian"]
[Black "Cebulla, Konstantin"]
[Result "1/2-1/2"]
[WhiteElo "2142"]
[BlackElo "2096"]
[PlyCount "37"]
[SourceVersionDate "2023.06.22"]

1. e4 e6 2. d4 d5 3. Nd2 Nc6 4. Ngf3 Nf6 5. e5 Nd7 6. Bb5 a6 7. Ba4 b5 8. Bb3
Na5 9. c3 Nxb3 10. axb3 c5 11. dxc5 Nxc5 12. Qe2 Bb7 13. b4 Ne4 14. Nb3 f6 15.
Nfd4 fxe5 16. Qh5+ Kd7 17. Qxe5 Qf6 18. Nf3 Bd6 19. Qd4 1/2-1/2

[Event "Dinslaken- Langenfeld 2"]
[Site "?"]
[Date "2022.10.02"]
[Round "2.6"]
[White "Brockhaus, Philip"]
[Black "Hendrichs, Udo"]
[Result "1-0"]
[WhiteElo "1946"]
[BlackElo "2032"]
[PlyCount "101"]
[SourceVersionDate "2023.06.22"]

1. e4 e6 2. d4 d5 3. exd5 exd5 4. Nf3 Nf6 5. Bd3 Be7 6. O-O Bg4 7. Bg5 O-O 8.
Nbd2 Nbd7 9. c3 c5 10. Qc2 h6 11. Bh4 Nh5 12. Bxe7 Qxe7 13. Bh7+ Kh8 14. Bf5
Bxf3 15. Nxf3 cxd4 16. Nxd4 Nc5 17. Rfe1 Qd6 18. Rad1 Rae8 19. Rxe8 Rxe8 20.
Bg4 Nf6 21. Bf3 Qe5 22. g3 g6 23. Qd2 Kh7 24. Nc2 Nce4 25. Qd4 Qf5 26. Qd3 Qc8
27. Ne3 Qc5 28. Qd4 Qxd4 29. Rxd4 Ng5 30. Bxd5 Nxd5 31. Rxd5 Re7 32. Kg2 f5 33.
c4 Kg7 34. h4 Ne4 35. Kf3 Nf6 36. Rd6 Ne4 37. Rd4 Nc5 38. b4 Nd7 39. Nd5 Rf7
40. Ne3 g5 41. hxg5 hxg5 42. Rd5 Kg6 43. c5 f4 44. Nc4 fxg3+ 45. Kxg3 Kh5 46.
Nd6 Nf6 47. Rxg5+ Kxg5 48. Nxf7+ Kg6 49. Nd6 b6 50. c6 Nd5 51. Nb5 1-0

[Event "Dinslaken- Langenfeld 2"]
[Site "?"]
[Date "2022.10.02"]
[Round "2.7"]
[White "Bosbach , Jens"]
[Black "Riekenbrauk, Joerg"]
[Result "1/2-1/2"]
[WhiteElo "1979"]
[BlackElo "1907"]
[PlyCount "39"]
[SourceVersionDate "2023.06.22"]

1. d4 d5 2. Nf3 Nf6 3. e3 e6 4. c4 dxc4 5. Bxc4 c5 6. O-O a6 7. dxc5 Bxc5 8.
Qxd8+ Kxd8 9. Nc3 Ke7 10. Rd1 b5 11. Bd3 Bb7 12. b3 Nbd7 13. Bb2 Rhd8 14. Rac1
Rac8 15. h3 h6 16. Ne2 Bd6 17. Bb1 Rxc1 18. Rxc1 Rc8 19. Rxc8 Bxc8 20. Ned4
1/2-1/2

[Event "Duisburg- Wattenscheid 2"]
[Site "?"]
[Date "2022.10.02"]
[Round "2.1"]
[White "Schroeder, Wilfried"]
[Black "Heisel, Guido"]
[Result "1/2-1/2"]
[WhiteElo "2182"]
[BlackElo "2126"]
[Annotator "daniel"]
[PlyCount "93"]
[SourceVersionDate "2023.06.22"]

1. Nf3 g6 2. d4 Bg7 3. g3 f5 4. Bg2 Nf6 5. O-O O-O 6. b3 d6 7. Bb2 Nh5 8. Nbd2
c5 9. e3 Qc7 10. Qe2 h6 11. Ne1 Kh7 12. Nd3 e5 13. dxe5 dxe5 14. f4 e4 15. Ne5
Be6 $11 16. Rfd1 Nc6 17. Ndc4 Rfd8 18. Rxd8 Rxd8 19. Rd1 Bxc4 20. Nxc4 Bxb2 21.
Nxb2 Nf6 22. Qc4 Qe7 23. Rxd8 Nxd8 24. h3 Kg7 25. Kf2 Nc6 26. Qc3 Nb4 27. a3
Nbd5 28. Qd2 h5 29. Nc4 b5 30. Ne5 b4 31. axb4 cxb4 32. Bf1 g5 33. Qd4 gxf4 34.
gxf4 Qc7 35. Bc4 Qb6 36. Qxb6 axb6 37. Nc6 h4 38. Nd4 Kg6 39. Ba6 Nh5 40. Bb7
Nc3 41. Ke1 Nf6 42. Bc8 Nfd5 43. Nxf5 Kf6 44. Nxh4 Nxe3 45. Kd2 Nf1+ 46. Ke1
Ne3 47. Kd2 1/2-1/2

[Event "Duisburg- Wattenscheid 2"]
[Site "?"]
[Date "2022.10.02"]
[Round "2.2"]
[White "Hehlke, Oliver"]
[Black "Peter, Thomas"]
[Result "0-1"]
[WhiteElo "1945"]
[BlackElo "2213"]
[PlyCount "76"]
[SourceVersionDate "2023.06.22"]

1. d4 e6 2. c4 Nf6 3. g3 Bb4+ 4. Nd2 O-O 5. Bg2 d5 6. Ngf3 b6 7. O-O Bb7 8. Ne5
Nfd7 9. Nd3 Be7 10. b3 Na6 11. Bb2 Rc8 12. cxd5 Bxd5 13. e4 Bb7 14. Qe2 c5 15.
Rfd1 cxd4 16. Nf3 Nac5 17. Bxd4 Ba6 18. Nfe1 e5 19. Be3 Nxd3 20. Nxd3 Rc3 21.
Rac1 Rxc1 22. Rxc1 Nc5 23. Bxc5 Bxc5 24. Bf1 Ba3 25. Rc2 Qd4 26. Qf3 f5 27. Qe3
fxe4 28. Qxd4 exd4 29. Ne5 d3 30. Rd2 Bb4 31. Rd1 Bc5 32. Ng4 h5 33. Ne3 Bxe3
34. fxe3 Rf3 35. Kg2 Rxe3 36. Kh3 Bc8+ 37. Kh4 Bg4 38. Rd2 Re2 0-1

[Event "Duisburg- Wattenscheid 2"]
[Site "?"]
[Date "2022.10.02"]
[Round "2.3"]
[White "Lang, Daniel"]
[Black "Sirringhaus, Wilfried"]
[Result "1-0"]
[WhiteElo "2130"]
[BlackElo "2150"]
[PlyCount "103"]
[SourceVersionDate "2023.06.22"]

1. d4 Nf6 2. c4 d6 3. Nc3 e5 4. Nf3 Nbd7 5. g3 Be7 6. Bg2 O-O 7. O-O c6 8. a3
a5 9. Rb1 Re8 10. b3 Bf8 11. d5 cxd5 12. cxd5 g6 13. Nd2 Bh6 14. Nc4 Bxc1 15.
Rxc1 Nb6 16. Nb5 Nxc4 17. Rxc4 Re7 18. Qd2 Qb6 19. Rfc1 Qxb5 20. Rxc8+ Rxc8 21.
Rxc8+ Kg7 22. b4 axb4 23. Qxb4 Qxe2 24. Bf1 Qa2 25. Qxd6 Ne4 26. Qb6 Qxd5 27.
Qb4 Qd4 28. Qxd4 exd4 29. Rd8 Ng5 30. Bc4 Nf3+ 31. Kg2 Ne1+ 32. Kf1 Nc2 33. Bd3
Nxa3 34. Ra8 Rc7 35. Rxa3 Rc3 36. Rxc3 dxc3 37. Ke2 Kf6 38. Ke3 Ke5 39. f4+ Kd5
40. Be4+ Kc4 41. Bxb7 f5 42. Bf3 Kb3 43. Bd1+ c2 44. Bxc2+ Kxc2 45. Kd4 Kd2 46.
Ke5 Ke3 47. Kf6 Kf3 48. Kg7 Kg4 49. Kh6 g5 50. fxg5 f4 51. gxf4 Kxf4 52. h4 1-0

[Event "Duisburg- Wattenscheid 2"]
[Site "?"]
[Date "2022.10.02"]
[Round "2.4"]
[White "Große- Frintrop, Gerd"]
[Black "Gohla, Ulf"]
[Result "0-1"]
[WhiteElo "2085"]
[BlackElo "2096"]
[PlyCount "126"]
[SourceVersionDate "2023.06.22"]

1. d4 d5 2. c4 dxc4 3. e4 b5 4. a4 c6 5. Nf3 Nf6 6. Qc2 e6 7. Bd2 Bb7 8. Be2
Be7 9. O-O O-O 10. Nc3 b4 11. Nd1 c5 12. e5 Ne4 13. dxc5 Nxd2 14. Nxd2 Nc6 15.
Nxc4 Nd4 16. Qd3 Bxc5 17. Nde3 Qg5 18. f4 Qh4 19. Rac1 Rfd8 20. Nd6 Nxe2+ 21.
Qxe2 Bxd6 22. exd6 Rxd6 23. Qb5 Rb6 24. Qd7 Rd8 25. Qc7 h6 26. Nc4 Rc8 27.
Qxc8+ Bxc8 28. Nxb6 Ba6 29. Nc4 Qf6 30. Rf2 Qd4 31. b3 Bxc4 32. bxc4 b3 33. a5
b2 34. Rb1 Qxc4 35. Rfxb2 Qc5+ 36. Kh1 Qxa5 37. h3 Qf5 38. Rb8+ Kh7 39. R1b4 a5
40. Rc4 Qd3 41. Rbc8 a4 42. Kh2 a3 43. Ra4 Qe3 44. Rca8 Qf2 45. R8a7 Kg6 46.
Rxa3 Qxf4+ 47. Kh1 f5 48. Rc3 Qe5 49. Rcc7 f4 50. Rf7 h5 51. Rab7 h4 52. Rf8
Qe1+ 53. Kh2 Qg3+ 54. Kh1 e5 55. Rff7 Kh6 56. Rbe7 Qg5 57. Kh2 Kh7 58. Re8 Qg6
59. Rff8 Qg3+ 60. Kh1 Qe1+ 61. Kh2 e4 62. Rf7 Qg3+ 63. Kh1 f3 0-1

[Event "Duisburg- Wattenscheid 2"]
[Site "?"]
[Date "2022.10.02"]
[Round "2.5"]
[White "Schlange, Stefan"]
[Black "Brueggemann, Josef"]
[Result "1-0"]
[WhiteElo "2179"]
[BlackElo "2051"]
[PlyCount "93"]
[SourceVersionDate "2023.06.22"]

1. e4 e5 2. Nf3 Nc6 3. Bc4 Bc5 4. c3 Nf6 5. d3 d6 6. O-O Bg4 7. a4 O-O 8. b4 d5
9. exd5 e4 10. dxe4 Bxf3 11. Qxf3 Ne5 12. Qe2 Be7 13. Bb3 a5 14. b5 c6 15. c4
Rc8 16. Bb2 Qc7 17. Nd2 Rfe8 18. f4 Ng6 19. e5 cxd5 20. Rac1 Bc5+ 21. Kh1 Qd7
22. g3 dxc4 23. Bxc4 b6 24. Rfd1 Rcd8 25. Nf3 Qc7 26. Rxd8 Qxd8 27. Ng5 Nh8 28.
h3 h6 29. Nf3 Ng6 30. Qd3 Qxd3 31. Bxd3 Nd5 32. Bxg6 fxg6 33. Bd4 Rc8 34. Kg2
Kf7 35. Nd2 Rc7 36. Bxc5 Rxc5 37. Rxc5 bxc5 38. Nc4 Ke6 39. Nxa5 Nb6 40. Kf3
Nxa4 41. Nc4 Kd7 42. g4 Nc3 43. Nd6 g5 44. f5 Nd5 45. Ke4 c4 46. Kxd5 c3 47.
Ne4 1-0

[Event "Duisburg- Wattenscheid 2"]
[Site "?"]
[Date "2022.10.02"]
[Round "2.7"]
[White "Schwebel, Markus"]
[Black "Usdenski, Andreas"]
[Result "1-0"]
[WhiteElo "2041"]
[BlackElo "1732"]
[PlyCount "65"]
[SourceVersionDate "2023.06.22"]

1. e4 c6 2. d4 d5 3. exd5 cxd5 4. Nf3 Bg4 5. Bd3 e6 6. c3 Bd6 7. Be3 Nf6 8.
Qa4+ Nbd7 9. Ne5 O-O 10. f4 a6 11. Nd2 Bf5 12. Bxf5 exf5 13. O-O b5 14. Qb3 Nb6
15. Rae1 Qc7 16. Qc2 g6 17. a3 Rac8 18. Ndf3 a5 19. Qf2 Ne4 20. Qh4 h5 21. Ng5
Be7 22. h3 Nxg5 23. fxg5 Nc4 24. g4 Nxe5 25. dxe5 hxg4 26. hxg4 Qc4 27. Rf4 Qd3
28. gxf5 gxf5 29. Bd4 Rc6 30. e6 fxe6 31. Qh8+ Kf7 32. Qh5+ Kg8 33. Qg6# 1-0

[Event "Duisburg- Wattenscheid 2"]
[Site "?"]
[Date "2022.10.02"]
[Round "2.8"]
[White "Vortmeier, Jan"]
[Black "Schneider, Reinhard"]
[Result "1-0"]
[WhiteElo "1661"]
[BlackElo "1024"]
[PlyCount "43"]
[SourceVersionDate "2023.06.22"]

1. Nf3 d5 2. g3 Bf5 3. Bg2 e6 4. O-O Bd6 5. d3 Nf6 6. Nbd2 O-O 7. Re1 c6 8. e4
Bc5 9. exf5 Ng4 10. d4 Bb6 11. h3 Nf6 12. fxe6 fxe6 13. c3 Re8 14. Ne5 Nbd7 15.
Ndf3 Ne4 16. Nxd7 Qxd7 17. Ne5 Qe7 18. Bxe4 dxe4 19. Rxe4 c5 20. Rh4 Rf8 21.
Qh5 Rf6 22. Qxh7+ 1-0

[Event "Borbeck- Rheinhausen"]
[Site "?"]
[Date "2022.10.02"]
[Round "2.1"]
[White "Heinert, Eugen"]
[Black "Loyen, Egbert"]
[Result "1/2-1/2"]
[WhiteElo "2129"]
[BlackElo "2208"]
[PlyCount "20"]
[SourceVersionDate "2023.06.22"]

1. e4 c5 2. Nf3 Nc6 3. Bb5 Qb6 4. Nc3 e6 5. O-O Nge7 6. Re1 a6 7. Bc4 d6 8. b3
Ng6 9. Bb2 Be7 10. Ne2 Nce5 1/2-1/2

[Event "Borbeck- Rheinhausen"]
[Site "?"]
[Date "2022.10.02"]
[Round "2.2"]
[White "Hillenbrand, Michael"]
[Black "Liedmann, Dennis"]
[Result "1-0"]
[WhiteElo "2150"]
[BlackElo "2062"]
[PlyCount "73"]
[SourceVersionDate "2023.06.22"]

1. c4 e5 2. Nc3 Nc6 3. g3 g6 4. Bg2 Bg7 5. Nf3 Nf6 6. O-O O-O 7. d4 exd4 8.
Nxd4 Re8 9. e3 Ne5 10. b3 c6 11. h3 d6 12. Bb2 Qb6 13. Qd2 c5 14. Ndb5 Bxh3 15.
Qxd6 Bxg2 16. Qxb6 axb6 17. Kxg2 Nd3 18. Rab1 Nxb2 19. Rxb2 Red8 20. Rc2 Rd3
21. Kf3 Re8 22. Rd1 Rxd1 23. Nxd1 Ne4 24. Nc7 Re5 25. a4 Nd6 26. Rd2 Bf8 27.
Nc3 Be7 28. N7d5 Rf5+ 29. Ke2 Bf6 30. e4 Rxd5 31. Rxd5 Nxc4 32. bxc4 Bxc3 33.
Rd7 Kg7 34. Rxb7 Ba5 35. Ke3 Kf6 36. g4 g5 37. e5+ 1-0

[Event "Borbeck- Rheinhausen"]
[Site "?"]
[Date "2022.10.02"]
[Round "2.4"]
[White "Klasmeier, Jens"]
[Black "Proettel, Sven"]
[Result "1/2-1/2"]
[WhiteElo "2114"]
[BlackElo "2106"]
[PlyCount "52"]
[SourceVersionDate "2023.06.22"]

1. e4 d5 2. exd5 Qxd5 3. Nc3 Qa5 4. d4 Nf6 5. Nf3 Bf5 6. Bc4 e6 7. Bd2 Bb4 8.
a3 Bxc3 9. Bxc3 Qb6 10. Nh4 Be4 11. Qe2 Bd5 12. O-O-O Nc6 13. Nf5 O-O-O 14. Ne3
Bxc4 15. Nxc4 Qa6 16. b3 Rd5 17. Rd3 Rhd8 18. Rhd1 R5d7 19. Bb2 Qb5 20. g3 Qg5+
21. Kb1 Qg4 22. f3 Qh3 23. R3d2 Qh6 24. Ne5 Nxe5 25. Qxe5 Rd5 26. Qe2 Qg6
1/2-1/2